[Event "British Rapidplay Championship 2023"]
[Site "Mercure Bradford, Bankfield Hotel"]
[Date "2023.04.16"]
[Round "7.13"]
[White "Donahue, Randolph E"]
[Black "Barton, Ben"]
[Result "1-0"]
[TimeControl "All moves in 15 minutes plus 10 second increment per move from move 1"]
[WhiteElo "1722"]
[BlackElo "1577"]

1. e4 {[%clk 00:15:18]} {[%emt 00:00:02]} c5 {[%clk 00:15:20]} 2. Nf3 {[%clk
00:15:26]} {[%emt 00:00:02]} Nc6 {[%clk 00:15:28]} {[%emt 00:00:01]} 3. Bb5
{[%clk 00:15:34]} {[%emt 00:00:02]} a6 {[%clk 00:15:21]} {[%emt 00:00:17]} 4.
Bxc6 {[%clk 00:15:42]} {[%emt 00:00:02]} bxc6 {[%clk 00:15:19]} {[%emt
00:00:13]} 5. O-O {[%clk 00:15:48]} {[%emt 00:00:03]} d5 {[%clk 00:15:26]}
{[%emt 00:00:04]} 6. d3 {[%clk 00:15:23]} {[%emt 00:00:34]} Bg4 {[%clk
00:15:26]} {[%emt 00:00:10]} 7. h3 {[%clk 00:14:25]} {[%emt 00:01:08]} Bh5
{[%clk 00:15:35]} {[%emt 00:00:02]} 8. Nc3 {[%clk 00:14:09]} {[%emt 00:00:25]}
e6 {[%clk 00:15:10]} {[%emt 00:00:35]} 9. b3 {[%clk 00:14:15]} {[%emt
00:00:04]} g5 {[%clk 00:15:01]} {[%emt 00:00:20]} 10. Bxg5 {[%clk 00:14:08]}
{[%emt 00:00:15]} f6 {[%clk 00:15:09]} {[%emt 00:00:04]} 11. Bd2 {[%clk
00:13:54]} {[%emt 00:00:23]} Bh6 {[%clk 00:14:36]} {[%emt 00:00:44]} 12. Bxh6
{[%clk 00:13:27]} {[%emt 00:00:37]} Nxh6 {[%clk 00:14:44]} {[%emt 00:00:02]} 13.
Qd2 {[%clk 00:13:01]} {[%emt 00:00:35]} Bxf3 {[%clk 00:14:18]} {[%emt
00:00:36]} 14. Qxh6 {[%clk 00:13:04]} {[%emt 00:00:07]} Rg8 {[%clk 00:14:02]}
{[%emt 00:00:26]} 15. g3 {[%clk 00:13:06]} {[%emt 00:00:08]} Ra7 {[%clk
00:14:03]} {[%emt 00:00:09]} 16. Qe3 {[%clk 00:13:07]} {[%emt 00:00:09]} Bh5
{[%clk 00:12:26]} {[%emt 00:01:47]} 17. Qxc5 {[%clk 00:13:05]} {[%emt
00:00:13]} Qd7 {[%clk 00:10:44]} {[%emt 00:01:51]} 18. exd5 {[%clk 00:11:35]}
{[%emt 00:01:40]} exd5 {[%clk 00:09:19]} {[%emt 00:01:34]} 19. Rae1+ {[%clk
00:11:13]} {[%emt 00:00:33]} Kd8 {[%clk 00:09:27]} {[%emt 00:00:02]} 20. Kh2
{[%clk 00:11:12]} {[%emt 00:00:11]} f5 {[%clk 00:07:26]} {[%emt 00:02:12]} 21.
Rg1 {[%clk 00:05:33]} {[%emt 00:05:48]} Rb7 {[%clk 00:05:36]} {[%emt 00:02:01]}
22. Qa5+ {[%clk 00:05:10]} {[%emt 00:00:33]} Kc8 {[%clk 00:05:23]} {[%emt
00:00:23]} 23. Na4 {[%clk 00:04:59]} {[%emt 00:00:20]} Qd6 {[%clk 00:04:09]}
{[%emt 00:01:24]} 24. Nc5 {[%clk 00:03:41]} {[%emt 00:01:28]} f4 {[%clk
00:03:31]} {[%emt 00:00:49]} 25. Re6 {[%clk 00:02:35]} {[%emt 00:01:13]} fxg3+
{[%clk 00:03:07]} {[%emt 00:00:36]} 26. fxg3 {[%clk 00:02:42]} {[%emt
00:00:03]} Qf8 {[%clk 00:02:15]} {[%emt 00:01:02]} 27. Rxc6+ {[%clk 00:02:20]}
{[%emt 00:00:32]} Kb8 {[%clk 00:02:11]} {[%emt 00:00:15]} 28. Nxa6+ {[%clk
00:02:25]} {[%emt 00:00:04]} Ka8 {[%clk 00:02:10]} {[%emt 00:00:11]} 29. Nc7+
{[%clk 00:02:13]} {[%emt 00:00:22]} Kb8 {[%clk 00:02:19]} {[%emt 00:00:02]} 30.
Qa8# {[%clk 00:02:07]} {[%emt 00:00:01]} 1-0

[Event "British Rapidplay Championship 2023"]
[Site "Mercure Bradford, Bankfield Hotel"]
[Date "2023.04.16"]
[Round "7.15"]
[White "Nicholson, Jim WR"]
[Black "Stephens, Carl"]
[Result "1-0"]
[TimeControl "All moves in 15 minutes plus 10 second increment per move from move 1"]
[WhiteElo "1958"]
[BlackElo "1682"]

1. d4 {[%clk 00:15:17]} {[%emt 00:00:01]} e6 {[%clk 00:15:08]} {[%emt
00:00:12]} 2. Nf3 {[%clk 00:15:22]} {[%emt 00:00:05]} f5 {[%clk 00:15:17]}
{[%emt 00:00:02]} 3. h3 {[%clk 00:15:25]} {[%emt 00:00:07]} Nf6 {[%clk
00:15:24]} {[%emt 00:00:02]} 4. g4 {[%clk 00:15:26]} {[%emt 00:00:10]} fxg4
{[%clk 00:14:33]} {[%emt 00:01:02]} 5. hxg4 {[%clk 00:15:34]} {[%emt 00:00:01]}
Nxg4 {[%clk 00:13:42]} {[%emt 00:01:01]} 6. Qd3 {[%clk 00:15:25]} {[%emt
00:00:18]} Nf6 {[%clk 00:12:46]} {[%emt 00:01:07]} 7. Bg5 {[%clk 00:14:37]}
{[%emt 00:00:57]} Be7 {[%clk 00:12:43]} {[%emt 00:00:14]} 8. Bxf6 {[%clk
00:14:20]} {[%emt 00:00:27]} Bxf6 {[%clk 00:12:45]} {[%emt 00:00:08]} 9. Rxh7
{[%clk 00:13:56]} {[%emt 00:00:33]} Rxh7 {[%emt 00:00:31]} 10. Qg6+ {[%clk
00:14:00]} {[%emt 00:00:03]} Ke7 {[%clk 00:10:06]} {[%emt 00:02:32]} 11. Qxh7
{[%clk 00:14:06]} {[%emt 00:00:03]} d5 {[%clk 00:09:36]} {[%emt 00:00:40]} 12.
Nbd2 {[%clk 00:13:52]} {[%emt 00:00:23]} Nc6 {[%clk 00:09:43]} {[%emt
00:00:05]} 13. c3 {[%clk 00:13:52]} {[%emt 00:00:09]} Bd7 {[%clk 00:09:21]}
{[%emt 00:00:32]} 14. Nh4 {[%clk 00:13:21]} {[%emt 00:00:39]} Bxh4 {[%clk
00:07:47]} {[%emt 00:01:47]} 15. Qxh4+ {[%clk 00:13:28]} {[%emt 00:00:02]} Kf7
{[%clk 00:07:55]} {[%emt 00:00:03]} 16. Qh5+ {[%clk 00:13:27]} {[%emt
00:00:10]} Ke7 {[%clk 00:08:00]} {[%emt 00:00:07]} 17. O-O-O {[%clk 00:12:54]}
{[%emt 00:00:42]} Qf8 {[%clk 00:08:08]} {[%emt 00:00:02]} 18. Nf3 {[%clk
00:12:26]} {[%emt 00:00:33]} Qf6 {[%clk 00:08:04]} {[%emt 00:00:19]} 19. Bg2
{[%clk 00:10:28]} {[%emt 00:02:07]} g6 {[%clk 00:08:03]} {[%emt 00:00:11]} 20.
Qh7+ {[%clk 00:10:28]} {[%emt 00:00:09]} Qf7 {[%clk 00:08:09]} {[%emt
00:00:05]} 21. Rh1 {[%clk 00:10:24]} {[%emt 00:00:13]} Rg8 {[%clk 00:07:28]}
{[%emt 00:00:53]} 22. Ng5 {[%clk 00:09:35]} {[%emt 00:00:52]} Qg7 {[%clk
00:07:25]} {[%emt 00:00:20]} 23. Qh4 {[%clk 00:09:16]} {[%emt 00:00:28]} Qf6
{[%clk 00:07:02]} {[%emt 00:00:35]} 24. Bf3 {[%clk 00:08:14]} {[%emt 00:01:10]}
Rf8 {[%clk 00:05:25]} {[%emt 00:01:48]} 25. Qg3 {[%clk 00:06:02]} {[%emt
00:02:22]} Qf4+ {[%clk 00:04:59]} {[%emt 00:00:36]} 26. Qxf4 {[%clk 00:06:10]}
{[%emt 00:00:02]} Rxf4 {[%clk 00:05:08]} 27. Rh7+ {[%clk 00:06:19]} {[%emt
00:00:01]} Kd8 {[%clk 00:04:43]} {[%emt 00:00:35]} 28. Kd2 {[%clk 00:05:48]}
{[%emt 00:00:41]} Be8 {[%clk 00:04:04]} {[%emt 00:00:49]} 29. Nxe6+ {[%clk
00:05:50]} {[%emt 00:00:08]} 1-0

[Event "British Rapidplay Championship 2023"]
[Site "Mercure Bradford, Bankfield Hotel"]
[Date "2023.04.16"]
[Round "7.16"]
[White "Holliday, John K"]
[Black "Chedd, Neil"]
[Result "0-1"]
[TimeControl "All moves in 15 minutes plus 10 second increment per move from move 1"]
[WhiteElo "1832"]
[BlackElo "1663"]

1. e4 {[%clk 00:15:17]} {[%emt 00:00:02]} c6 {[%clk 00:15:18]} {[%emt
00:00:03]} 2. d4 {[%clk 00:15:22]} {[%emt 00:00:05]} d5 {[%clk 00:15:25]}
{[%emt 00:00:03]} 3. e5 {[%clk 00:15:30]} {[%emt 00:00:02]} Bf5 {[%clk
00:15:30]} {[%emt 00:00:04]} 4. Bd3 {[%clk 00:15:38]} {[%emt 00:00:02]} Bxd3
{[%clk 00:15:37]} {[%emt 00:00:04]} 5. Qxd3 {[%clk 00:15:46]} {[%emt 00:00:02]}
e6 {[%clk 00:15:44]} {[%emt 00:00:02]} 6. Nf3 {[%clk 00:15:48]} {[%emt
00:00:09]} Nd7 {[%clk 00:15:48]} {[%emt 00:00:06]} 7. O-O {[%clk 00:15:44]}
{[%emt 00:00:13]} g6 {[%clk 00:15:13]} {[%emt 00:00:44]} 8. Bg5 {[%clk
00:15:11]} {[%emt 00:00:44]} Be7 {[%clk 00:15:19]} {[%emt 00:00:04]} 9. Bxe7
{[%clk 00:15:17]} {[%emt 00:00:04]} Nxe7 {[%clk 00:15:22]} {[%emt 00:00:07]} 10.
Nbd2 {[%clk 00:14:51]} {[%emt 00:00:36]} Nf5 {[%clk 00:14:22]} {[%emt
00:01:10]} 11. g4 {[%clk 00:14:55]} {[%emt 00:00:06]} Ng7 {[%clk 00:13:38]}
{[%emt 00:00:54]} 12. c4 {[%clk 00:14:58]} {[%emt 00:00:08]} h5 {[%clk
00:11:52]} {[%emt 00:01:56]} 13. h3 {[%clk 00:14:30]} {[%emt 00:00:38]} hxg4
{[%clk 00:11:11]} {[%emt 00:00:51]} 14. hxg4 {[%clk 00:14:38]} {[%emt
00:00:02]} Qe7 {[%clk 00:10:13]} {[%emt 00:01:08]} 15. Kg2 {[%clk 00:14:16]}
{[%emt 00:00:31]} O-O-O {[%clk 00:09:53]} {[%emt 00:00:30]} 16. Rh1 {[%clk
00:14:23]} {[%emt 00:00:03]} f5 {[%clk 00:08:19]} {[%emt 00:01:44]} 17. exf6
{[%clk 00:14:03]} {[%emt 00:00:30]} Qxf6 {[%clk 00:08:15]} {[%emt 00:00:14]} 18.
cxd5 {[%clk 00:13:11]} {[%emt 00:01:03]} exd5 {[%clk 00:08:10]} {[%emt
00:00:14]} 19. Rae1 {[%clk 00:12:42]} {[%emt 00:00:39]} Ne6 {[%clk 00:07:38]}
{[%emt 00:00:43]} 20. Ne5 {[%clk 00:12:36]} {[%emt 00:00:17]} Nf4+ {[%clk
00:07:25]} {[%emt 00:00:21]} 21. Kg3 {[%clk 00:12:22]} {[%emt 00:00:24]} Nxd3
{[%clk 00:07:28]} {[%emt 00:00:07]} 22. Nxd3 {[%clk 00:12:25]} {[%emt
00:00:07]} Rxh1 {[%clk 00:07:27]} {[%emt 00:00:10]} 23. Rxh1 {[%clk 00:12:33]}
{[%emt 00:00:03]} Rh8 {[%clk 00:07:31]} {[%emt 00:00:07]} 0-1

[Event "British Rapidplay Championship 2023"]
[Site "Mercure Bradford, Bankfield Hotel"]
[Date "2023.04.16"]
[Round "7.18"]
[White "Manavalan, Keerthi Kumar"]
[Black "Winter, Kevin"]
[Result "0-1"]
[TimeControl "All moves in 15 minutes plus 10 second increment per move from move 1"]
[WhiteElo "1419"]
[BlackElo "1713"]

1. e4 {[%clk 00:15:17]} {[%emt 00:00:02]} d6 {[%clk 00:15:13]} {[%emt
00:00:07]} 2. Nf3 {[%clk 00:15:21]} {[%emt 00:00:05]} Nf6 {[%clk 00:15:17]}
{[%emt 00:00:07]} 3. Nc3 {[%clk 00:15:26]} {[%emt 00:00:06]} Nbd7 {[%clk
00:15:25]} {[%emt 00:00:02]} 4. d4 {[%clk 00:15:14]} {[%emt 00:00:21]} e5
{[%clk 00:15:33]} {[%emt 00:00:02]} 5. Bc4 {[%clk 00:15:04]} {[%emt 00:00:20]}
Be7 {[%clk 00:15:38]} {[%emt 00:00:05]} 6. a4 {[%clk 00:15:03]} {[%emt
00:00:11]} c6 {[%clk 00:15:37]} {[%emt 00:00:11]} 7. Bg5 {[%clk 00:14:47]}
{[%emt 00:00:26]} Qc7 {[%clk 00:15:40]} {[%emt 00:00:06]} 8. O-O {[%clk
00:14:40]} {[%emt 00:00:18]} O-O {[%clk 00:15:27]} {[%emt 00:00:23]} 9. h3
{[%clk 00:14:08]} {[%emt 00:00:42]} a5 {[%clk 00:14:14]} {[%emt 00:01:23]} 10.
Ba2 {[%clk 00:14:12]} {[%emt 00:00:05]} Re8 {[%clk 00:13:06]} {[%emt 00:01:18]}
11. Nh4 {[%clk 00:13:40]} {[%emt 00:00:42]} Nf8 {[%clk 00:11:15]} {[%emt
00:02:01]} 12. Nf5 {[%clk 00:13:42]} {[%emt 00:00:09]} Bxf5 {[%clk 00:10:42]}
{[%emt 00:00:43]} 13. exf5 {[%clk 00:12:59]} {[%emt 00:00:53]} N8d7 {[%clk
00:10:36]} {[%emt 00:00:16]} 14. Re1 {[%clk 00:12:16]} {[%emt 00:00:53]} Rad8
{[%clk 00:10:25]} {[%emt 00:00:21]} 15. dxe5 {[%clk 00:10:41]} {[%emt
00:01:45]} dxe5 {[%clk 00:10:20]} {[%emt 00:00:15]} 16. Qf3 {[%clk 00:10:17]}
{[%emt 00:00:35]} Nc5 {[%clk 00:09:03]} {[%emt 00:01:26]} 17. Qg3 {[%clk
00:09:25]} {[%emt 00:01:01]} Ncd7 {[%clk 00:08:10]} {[%emt 00:01:03]} 18. Bh6
{[%clk 00:09:12]} {[%emt 00:00:24]} Bf8 {[%clk 00:07:56]} {[%emt 00:00:23]} 19.
Ne4 {[%clk 00:08:10]} {[%emt 00:01:12]} Nxe4 {[%clk 00:07:34]} {[%emt
00:00:33]} 20. Rxe4 {[%clk 00:08:16]} {[%emt 00:00:04]} Nf6 {[%clk 00:07:25]}
{[%emt 00:00:18]} 21. Rh4 {[%clk 00:07:14]} {[%emt 00:01:12]} Qb8 {[%clk
00:06:42]} {[%emt 00:00:54]} 22. Bg5 {[%clk 00:07:05]} {[%emt 00:00:18]} Be7
{[%clk 00:06:30]} {[%emt 00:00:22]} 23. Rh6 {[%clk 00:05:32]} {[%emt 00:01:43]}
e4 {[%clk 00:06:21]} {[%emt 00:00:20]} 24. Bf4 {[%clk 00:04:23]} {[%emt
00:01:19]} Qc8 {[%clk 00:06:09]} {[%emt 00:00:22]} 25. Rh4 {[%clk 00:03:34]}
{[%emt 00:00:58]} Qxf5 {[%clk 00:05:59]} {[%emt 00:00:21]} 26. Qg5 {[%clk
00:02:56]} {[%emt 00:00:48]} Qxg5 {[%clk 00:05:56]} {[%emt 00:00:13]} 27. Bxg5
{[%clk 00:03:03]} {[%emt 00:00:02]} h6 {[%clk 00:05:44]} {[%emt 00:00:23]} 28.
Bxf6 {[%clk 00:02:55]} {[%emt 00:00:17]} Bxf6 {[%clk 00:05:51]} {[%emt
00:00:04]} 29. Rg4 {[%clk 00:02:41]} {[%emt 00:00:24]} Rd2 {[%clk 00:05:17]}
{[%emt 00:00:44]} 30. Bb3 {[%clk 00:02:42]} {[%emt 00:00:09]} Bxb2 {[%clk
00:04:44]} {[%emt 00:00:43]} 31. Re1 {[%clk 00:02:39]} {[%emt 00:00:13]} Rd4
{[%clk 00:04:24]} {[%emt 00:00:30]} 32. f3 {[%clk 00:02:32]} {[%emt 00:00:16]}
e3 {[%clk 00:04:09]} {[%emt 00:00:25]} 33. Rxd4 {[%clk 00:02:09]} {[%emt
00:00:33]} Bxd4 {[%clk 00:04:17]} {[%emt 00:00:03]} 34. Re2 {[%clk 00:02:05]}
{[%emt 00:00:13]} Kf8 {[%clk 00:04:02]} {[%emt 00:00:26]} 35. Kf1 {[%clk
00:02:13]} {[%emt 00:00:02]} b5 {[%clk 00:03:54]} {[%emt 00:00:18]} 36. Ke1
{[%clk 00:02:12]} {[%emt 00:00:10]} Bc3+ {[%clk 00:03:48]} {[%emt 00:00:17]} 37.
Kf1 {[%clk 00:02:17]} {[%emt 00:00:05]} Bd2 {[%clk 00:03:49]} {[%emt 00:00:09]}
38. Kg1 {[%clk 00:02:10]} {[%emt 00:00:17]} f6 {[%clk 00:03:41]} {[%emt
00:00:17]} 39. Kh2 {[%clk 00:02:19]} {[%emt 00:00:02]} b4 {[%clk 00:03:37]}
{[%emt 00:00:14]} 40. Kg3 {[%clk 00:02:25]} {[%emt 00:00:04]} Re5 {[%clk
00:03:36]} {[%emt 00:00:10]} 41. Kf4 {[%clk 00:02:24]} {[%emt 00:00:11]} Ke7
{[%clk 00:03:34]} {[%emt 00:00:13]} 42. Bc4 {[%clk 00:01:34]} {[%emt 00:01:00]}
Kd6 {[%clk 00:03:26]} {[%emt 00:00:18]} 43. Bb3 {[%clk 00:01:14]} {[%emt
00:00:30]} Kc5 {[%clk 00:03:27]} {[%emt 00:00:09]} 44. Kg4 {[%clk 00:01:11]}
{[%emt 00:00:13]} Rg5+ {[%clk 00:03:18]} {[%emt 00:00:18]} 45. Kf4 {[%clk
00:01:19]} {[%emt 00:00:03]} h5 {[%clk 00:03:09]} {[%emt 00:00:19]} 46. Ke4
{[%clk 00:00:52]} {[%emt 00:00:37]} Re5+ {[%clk 00:03:13]} {[%emt 00:00:05]} 47.
Kf4 {[%clk 00:00:40]} {[%emt 00:00:22]} Kd4 {[%clk 00:03:12]} {[%emt 00:00:12]}
48. Kg3 {[%clk 00:00:11]} {[%emt 00:00:29]} g5 {[%clk 00:03:07]} {[%emt
00:00:25]} 49. h4 {[%clk 00:00:19]} {[%emt 00:00:01]} c5 {[%clk 00:03:14]}
{[%emt 00:00:04]} 50. f4 {[%clk 00:00:24]} {[%emt 00:00:05]} Rf5 {[%clk
00:02:54]} {[%emt 00:00:30]} 51. hxg5 {[%clk 00:00:22]} {[%emt 00:00:11]} fxg5
{[%clk 00:03:02]} {[%emt 00:00:03]} 52. fxg5 {[%clk 00:00:26]} {[%emt
00:00:06]} Rxg5+ {[%clk 00:03:07]} {[%emt 00:00:04]} 53. Kf3 {[%clk 00:00:31]}
{[%emt 00:00:06]} c4 {[%clk 00:03:06]} {[%emt 00:00:11]} 54. Ba2 {[%clk
00:00:35]} {[%emt 00:00:06]} Kc3 {[%clk 00:02:55]} {[%emt 00:00:20]} 55. Kf4
{[%clk 00:00:25]} {[%emt 00:00:20]} Rc5 {[%clk 00:02:47]} {[%emt 00:00:18]} 56.
g4 {[%clk 00:00:18]} {[%emt 00:00:18]} hxg4 {[%clk 00:02:44]} {[%emt 00:00:13]}
57. Kxg4 {[%clk 00:00:25]} {[%emt 00:00:03]} Kb2 {[%clk 00:02:45]} {[%emt
00:00:09]} 58. Bxc4 {[%clk 00:00:12]} {[%emt 00:00:22]} Rxc4+ {[%clk 00:02:52]}
{[%emt 00:00:03]} 59. Kf5 {[%clk 00:00:02]} {[%emt 00:00:52]} Kxc2 {[%clk
00:03:49]} {[%emt 00:00:13]} 60. Ke5 {[%clk 00:00:19]} {[%emt 00:00:03]} b3
{[%clk 00:03:55]} {[%emt 00:00:04]} 61. Kd5 {[%clk 00:00:27]} {[%emt 00:00:02]}
Rb4 {[%emt 00:00:14]} 62. Rh2 {[%emt 00:00:04]} Kd1 0-1

[Event "British Rapidplay Championship 2023"]
[Site "Mercure Bradford, Bankfield Hotel"]
[Date "2023.04.16"]
[Round "7.19"]
[White "Rogowski, Rafal"]
[Black "Harker, Peter"]
[Result "0-1"]
[TimeControl "All moves in 15 minutes plus 10 second increment per move from move 1"]
[WhiteElo "1291"]
[BlackElo "1481"]

1. d4 {[%clk 00:15:18]} {[%emt 00:00:02]} d5 {[%clk 00:15:19]} {[%emt
00:00:02]} 2. Nf3 {[%clk 00:15:27]} {[%emt 00:00:01]} Nf6 {[%emt 00:00:10]} 3.
c4 {[%clk 00:15:35]} e6 {[%clk 00:15:30]} 4. Nc3 {[%clk 00:15:42]} {[%emt
00:00:02]} c5 {[%clk 00:15:31]} {[%emt 00:00:10]} 5. dxc5 {[%clk 00:15:29]}
{[%emt 00:00:23]} Bxc5 {[%clk 00:15:34]} {[%emt 00:00:07]} 6. cxd5 {[%clk
00:15:36]} {[%emt 00:00:03]} exd5 {[%clk 00:15:33]} {[%emt 00:00:11]} 7. g3
{[%clk 00:15:15]} {[%emt 00:00:30]} O-O {[%clk 00:14:43]} {[%emt 00:01:00]} 8.
e3 {[%clk 00:15:08]} {[%emt 00:00:17]} Nc6 {[%clk 00:14:37]} {[%emt 00:00:16]}
9. Bg2 {[%clk 00:15:17]} {[%emt 00:00:02]} Bg4 {[%clk 00:14:39]} {[%emt
00:00:08]} 10. O-O {[%clk 00:15:04]} {[%emt 00:00:23]} Qd7 {[%clk 00:14:31]}
{[%emt 00:00:16]} 11. Qa4 {[%clk 00:12:18]} {[%emt 00:02:57]} a6 {[%clk
00:11:57]} {[%emt 00:02:45]} 12. h4 {[%clk 00:10:32]} {[%emt 00:01:56]} b5
{[%clk 00:11:44]} {[%emt 00:00:23]} 13. Qf4 {[%clk 00:10:40]} {[%emt 00:00:01]}
Bd6 {[%clk 00:11:12]} {[%emt 00:00:43]} 14. Qg5 {[%clk 00:10:47]} {[%emt
00:00:02]} h6 {[%clk 00:11:06]} {[%emt 00:00:17]} 15. Qxf6 {[%clk 00:09:36]}
{[%emt 00:01:21]} gxf6 {[%clk 00:11:12]} {[%emt 00:00:03]} 16. Nxd5 {[%clk
00:09:44]} {[%emt 00:00:01]} Qe6 {[%clk 00:10:21]} {[%emt 00:01:03]} 17. a3
{[%clk 00:09:15]} {[%emt 00:00:39]} Qxd5 {[%clk 00:08:24]} {[%emt 00:02:07]} 18.
Nh2 {[%clk 00:09:24]} {[%emt 00:00:01]} Qe6 {[%clk 00:07:19]} {[%emt 00:01:15]}
19. Bxc6 {[%clk 00:09:01]} {[%emt 00:00:32]} Rac8 {[%clk 00:07:26]} {[%emt
00:00:02]} 20. Bg2 {[%clk 00:08:59]} {[%emt 00:00:13]} Bh3 {[%clk 00:07:26]}
{[%emt 00:00:11]} 21. Rd1 {[%clk 00:08:01]} {[%emt 00:01:08]} Bxg2 {[%clk
00:07:24]} {[%emt 00:00:12]} 22. Kxg2 {[%clk 00:08:09]} {[%emt 00:00:01]} Rc2
{[%clk 00:06:47]} {[%emt 00:00:48]} 23. Rd4 {[%clk 00:06:37]} {[%emt 00:01:41]}
Qe5 {[%clk 00:06:30]} {[%emt 00:00:28]} 24. Ng4 {[%clk 00:06:23]} {[%emt
00:00:22]} Qxg3+ {[%clk 00:06:17]} {[%emt 00:00:13]} 0-1

[Event "British Rapidplay Championship 2023"]
[Site "Mercure Bradford, Bankfield Hotel"]
[Date "2023.04.16"]
[Round "7.20"]
[White "Ortiz Sanchez, Luis"]
[Black "McLean, Rory R"]
[Result "1-0"]
[TimeControl "All moves in 15 minutes plus 10 second increment per move from move 1"]
[WhiteElo "2067"]
[BlackElo "1626"]

1. d4 {[%clk 00:15:17]} {[%emt 00:00:02]} d5 {[%clk 00:15:17]} {[%emt
00:00:04]} 2. Nf3 {[%clk 00:15:21]} {[%emt 00:00:05]} Nf6 {[%clk 00:15:17]}
{[%emt 00:00:10]} 3. c3 {[%clk 00:15:30]} {[%emt 00:00:02]} Bf5 {[%clk
00:15:07]} {[%emt 00:00:20]} 4. Qb3 {[%clk 00:15:33]} {[%emt 00:00:07]} Qc8
{[%clk 00:14:51]} {[%emt 00:00:26]} 5. c4 {[%clk 00:15:32]} {[%emt 00:00:11]}
e6 {[%clk 00:14:23]} {[%emt 00:00:38]} 6. Nc3 {[%clk 00:15:12]} {[%emt
00:00:30]} dxc4 {[%clk 00:14:18]} {[%emt 00:00:15]} 7. Qxc4 {[%clk 00:15:20]}
{[%emt 00:00:02]} c6 {[%clk 00:13:53]} {[%emt 00:00:34]} 8. Bf4 {[%clk
00:15:12]} {[%emt 00:00:18]} Be7 {[%clk 00:13:57]} {[%emt 00:00:07]} 9. Rc1
{[%clk 00:14:56]} {[%emt 00:00:26]} O-O {[%clk 00:13:43]} {[%emt 00:00:23]} 10.
e3 {[%clk 00:14:57]} {[%emt 00:00:10]} Nbd7 {[%clk 00:13:43]} {[%emt 00:00:10]}
11. h3 {[%clk 00:14:57]} {[%emt 00:00:10]} Nb6 {[%clk 00:13:39]} {[%emt
00:00:13]} 12. Qb3 {[%clk 00:15:05]} {[%emt 00:00:02]} Qd8 {[%clk 00:13:02]}
{[%emt 00:00:48]} 13. Be2 {[%clk 00:15:02]} {[%emt 00:00:13]} Rc8 {[%clk
00:13:07]} {[%emt 00:00:04]} 14. O-O {[%clk 00:15:11]} {[%emt 00:00:02]} h6
{[%clk 00:12:30]} {[%emt 00:00:47]} 15. Rfd1 {[%clk 00:15:10]} {[%emt
00:00:11]} Bd6 {[%clk 00:12:31]} {[%emt 00:00:08]} 16. Ne5 {[%clk 00:14:53]}
{[%emt 00:00:29]} Qe7 {[%clk 00:12:00]} {[%emt 00:00:40]} 17. Bg3 {[%clk
00:14:37]} {[%emt 00:00:26]} Rfd8 {[%clk 00:11:38]} {[%emt 00:00:32]} 18. Bh4
{[%clk 00:14:46]} Bb8 {[%clk 00:11:05]} {[%emt 00:00:44]} 19. Nf3 {[%clk
00:13:20]} {[%emt 00:01:36]} Qc7 {[%clk 00:09:51]} {[%emt 00:01:23]} 20. Nb5
{[%clk 00:09:43]} {[%emt 00:03:47]} Qe7 {[%clk 00:08:23]} {[%emt 00:01:37]} 21.
Nc3 {[%clk 00:09:48]} {[%emt 00:00:06]} Qc7 {[%clk 00:08:15]} {[%emt 00:00:18]}
22. Ne5 {[%clk 00:09:12]} {[%emt 00:00:46]} g5 {[%clk 00:07:30]} {[%emt
00:00:54]} 23. Bg3 {[%clk 00:09:15]} {[%emt 00:00:08]} Qe7 {[%clk 00:07:28]}
{[%emt 00:00:11]} 24. Bf3 {[%clk 00:08:26]} {[%emt 00:01:00]} Nfd7 {[%clk
00:06:31]} {[%emt 00:01:05]} 25. Nxd7 {[%clk 00:07:38]} {[%emt 00:01:00]} Bxg3
{[%clk 00:05:43]} {[%emt 00:00:58]} 26. Nxb6 {[%clk 00:07:46]} {[%emt
00:00:02]} axb6 {[%clk 00:05:51]} {[%emt 00:00:02]} 27. fxg3 {[%clk 00:07:53]}
{[%emt 00:00:03]} Qc7 {[%clk 00:05:18]} {[%emt 00:00:42]} 28. Kh2 {[%clk
00:07:11]} {[%emt 00:00:53]} Kg7 {[%clk 00:04:47]} {[%emt 00:00:40]} 29. e4
{[%clk 00:07:19]} {[%emt 00:00:02]} Bg6 {[%clk 00:04:53]} {[%emt 00:00:04]} 30.
d5 {[%clk 00:07:26]} {[%emt 00:00:04]} h5 {[%clk 00:04:36]} {[%emt 00:00:27]}
31. dxe6 {[%clk 00:06:45]} {[%emt 00:00:51]} g4 {[%clk 00:04:40]} {[%emt
00:00:06]} 32. Be2 {[%clk 00:06:10]} {[%emt 00:00:45]} gxh3 {[%clk 00:04:46]}
{[%emt 00:00:03]} 33. Kxh3 {[%clk 00:05:50]} {[%emt 00:00:30]} Qe5 {[%clk
00:04:15]} {[%emt 00:00:41]} 34. Qb4 {[%clk 00:03:58]} {[%emt 00:02:02]} Qxe6+
{[%clk 00:04:01]} 35. Kh2 {[%clk 00:03:58]} Rg8 36. Qxb6 Rh8 {[%clk 00:03:51]}
37. Qd4+ {[%clk 00:04:04]} {[%emt 00:00:10]} Kg8 {[%clk 00:03:44]} {[%emt
00:00:18]} 38. Bc4 {[%clk 00:04:11]} {[%emt 00:00:03]} Qg4 {[%clk 00:03:39]}
{[%emt 00:00:15]} 39. e5 {[%clk 00:03:39]} {[%emt 00:00:42]} Qg5 {[%clk
00:03:26]} {[%emt 00:00:21]} 40. Qf4 {[%clk 00:03:45]} {[%emt 00:00:05]} Qe7
{[%clk 00:03:24]} {[%emt 00:00:12]} 41. Qf6 {[%clk 00:03:52]} {[%emt 00:00:03]}
Qb4 {[%clk 00:03:06]} {[%emt 00:00:28]} 42. Qxg6+ {[%clk 00:04:00]} {[%emt
00:00:03]} Kf8 {[%clk 00:03:09]} {[%emt 00:00:07]} 43. Qxf7# {[%clk 00:04:07]}
{[%emt 00:00:03]} 1-0